Top 30 KU Basketball Players Of All Time - Statistics

General Stats
  • This quiz has been taken 6 times
  • The average score is 8 of 30
Answer Stats
Hint Answer % Correct
1984-1988 Danny Manning
100%
1999-2003 Kirk Hinrich
100%
1956-1958 Wilt Chamberlain
100%
2005-2008 Mario Chalmers
80%
1995-1998 Paul Pierce
60%
2001-2005 Aaron Miles
40%
2005-2008 Brandon Rush
40%
1993-1997 Jacque Vaughn
40%
1993-1997 Scot Pollard
40%
2001-2005 Wayne Simien
40%
1949-1952 Clyde Lovellette
20%
1999-2002 Drew Gooden
20%
2001-2005 Keith Langford
20%
1999-2003 Nick Collison
20%
2004-2008 Russell Robinson
20%
2005-2008 Sasha Kaun
20%
2006-2010 Sherron Collins
20%
1989-1993 Adonis Jordan
0%
1958-1961 Bill Bridges
0%
1983-1987 Cedric Hunter
0%
1977-1981 Darnell Valentine
0%
1968-1971 Dave Robisch
0%
1997-2001 Eric Chenowith
0%
1991-1995 Greg Ostertag
0%
1998-2002 Jeff Boschee
0%
1977-1981 John Crawford
0%
1984-1989 Milt Newton
0%
1994-1998 Raef LaFrentz
0%
1991-1993 Rex Walters
0%
1959-1961 Wayne Hightower
0%
No matching quizzes found
Score Distribution
Percent of People with Each Score
Percentile by Number Answered
Your Score History
You have not taken this quiz